Schaum's outline of theory and problems of basic electricity / (Record no. 64698)

000 -LEADER
fixed length control field 00952pam a2200289 a 4500
001 - CONTROL NUMBER
control field 2331857
003 - CONTROL NUMBER IDENTIFIER
control field NUST - PNEC
005 - DATE AND TIME OF LATEST TRANSACTION
control field 20170116180853.0
008 - FIXED-LENGTH DATA ELEMENTS--GENERAL INFORMATION
fixed length control field 820615s1983 nyua 001 0 eng
010 ## - LIBRARY OF CONGRESS CONTROL NUMBER
LC control number 82004671
020 ## - INTERNATIONAL STANDARD BOOK NUMBER
International Standard Book Number 0070588929
020 ## - INTERNATIONAL STANDARD BOOK NUMBER
International Standard Book Number 0070252408 (pbk.)
040 ## - CATALOGING SOURCE
Original cataloging agency DLC
Transcribing agency LIBRARY
Modifying agency DLC
050 00 - LIBRARY OF CONGRESS CALL NUMBER
Classification number TK146
Item number .G974 1983
082 00 - DEWEY DECIMAL CLASSIFICATION NUMBER
Classification number 621.3 GUS
100 1# - MAIN ENTRY--PERSONAL NAME
Personal name Gussow, Milton.
245 10 - TITLE STATEMENT
Title Schaum's outline of theory and problems of basic electricity /
Statement of responsibility, etc. by Milton Gussow.
260 ## - PUBLICATION, DISTRIBUTION, ETC.
Place of publication, distribution, etc. New York :
Name of publisher, distributor, etc. McGraw-Hill,
Date of publication, distribution, etc. c1983.
300 ## - PHYSICAL DESCRIPTION
Extent 454 p. :
Other physical details ill. ;
Dimensions 28 cm.
490 0# - SERIES STATEMENT
Series statement Schaum's outline series
500 ## - GENERAL NOTE
General note Includes index.
650 #0 - SUBJECT ADDED ENTRY--TOPICAL TERM
Topical term or geographic name entry element Electricity.
General subdivision EE
856 42 - ELECTRONIC LOCATION AND ACCESS
Materials specified Publisher description
Uniform Resource Identifier <a href="http://www.loc.gov/catdir/description/mh022/82004671.html">http://www.loc.gov/catdir/description/mh022/82004671.html</a>
856 41 - ELECTRONIC LOCATION AND ACCESS
Materials specified Table of contents
Uniform Resource Identifier <a href="http://www.loc.gov/catdir/toc/mh021/82004671.html">http://www.loc.gov/catdir/toc/mh021/82004671.html</a>
906 ## - LOCAL DATA ELEMENT F, LDF (RLIN)
a 7
b cbc
c orignew
d 1
e ocip
f 19
g y-gencatlg
942 ## - ADDED ENTRY ELEMENTS (KOHA)
Source of classification or shelving scheme
Koha item type Book
Holdings
Withdrawn status Lost status Source of classification or shelving scheme Damaged status Not for loan Permanent Location Current Location Shelving location Date acquired Total Checkouts Full call number Barcode Date last seen Price effective from Koha item type
          Pakistan Navy Engineering College (PNEC) Pakistan Navy Engineering College (PNEC)       621.3 GUS PNECLIB-027198 08/26/2015   Book
© 2023 Central Library, National University of Sciences and Technology. All Rights Reserved.